000
00317nam a2200157Ia 4500
100
_a
Stevens/Richard W
250
_a
2
490
_v
1
942
_c
BK
654
_a
Unix
245
_a
UNIX Network Programming
260
_b
Prentice Hall
_c
1998
082
_a
5.133
_b
STE
300
_a
1009
546
_a
ENGLISH
999
_c
28755
_d
28755